| 000 | 00915nac a22002291u 4500 | ||
|---|---|---|---|
| 010 | _a99048385 | ||
| 020 | _a9812406360 | ||
| 082 | 0 | 0 |
_a621.38216 _bP9621 |
| 090 |
_c887 _d887 |
||
| 100 | _aProakis, John G. | ||
| 245 | 1 | 0 |
_aContemporary communication systems using MATLAB / _cJohn G. Proakis, Masoud Salehi. |
| 260 |
_aAustralia : _bThomson Learning; _c2003. |
||
| 300 |
_axiii, 428 p. : _bill. ; _c23 cm. |
||
| 490 | 1 | _aBookWare companion series | |
| 504 | _aIncludes bibliographical references and index. | ||
| 650 | 0 |
_aData transmission systems _xComputer simulation. |
|
| 650 | 0 |
_aTelecommunication systems _xComputer simulation. |
|
| 700 | 1 | _aSalehi, Masoud. | |
| 830 | 0 | _aBookWare companion series (Pacific Grove, Calif.) | |
| 942 |
_cBB _k621.38216P9621 |
||
| 999 |
_c887 _d887 |
||